[Event "Hull CC 29 Ann-B"]
[Site "Gatineau CAN"]
[Date "2008.09.09"]
[Round "1"]
[White "Sabourin, Yves"]
[Black "Lavergne, Daniel"]
[Result "0-1"]
[WhiteElo "1268"]
[BlackElo "1606"]
[PlyCount "46"]
[GameId "2160767910319868"]
[EventDate "2008.09.09"]
[EventType "swiss"]
[EventRounds "5"]
[EventCountry "CAN"]
[SourceTitle "EXT 2022"]
[Source "ChessBase"]
[SourceDate "2021.10.06"]
[SourceVersion "1"]
[SourceVersionDate "2021.10.06"]
[SourceQuality "1"]

1. d4 Nf6 2. c4 c5 3. d5 b5 4. b3 g6 5. Bb2 Bg7 6. e4 d6 7. cxb5 a6 8. bxa6 O-O 9. Qc2 Nxa6 10. Bxa6 Bxa6 11. Ne2 Qd7 12. Nbc3 Rac8 13. O-O Qb7 14. Rfc1 Nd7 15. Na4 Ne5 16. f4 Nd3 17. Rd1 Nxb2 18. Nxb2 c4 19. b4 Qxb4 20. Rab1 Qc5+ 21. Kh1 Qe3 22. Re1 c3 23. Nd1 Qd2 0-1

[Event "Hull CC 29 Ann-B"]
[Site "Gatineau CAN"]
[Date "2008.09.09"]
[Round "1"]
[White "Thibault, Mario"]
[Black "Briere, Gilles"]
[Result "1-0"]
[WhiteElo "1633"]
[BlackElo "1289"]
[PlyCount "39"]
[GameId "2160767910319869"]
[EventDate "2008.09.09"]
[EventType "swiss"]
[EventRounds "5"]
[EventCountry "CAN"]
[SourceTitle "EXT 2022"]
[Source "ChessBase"]
[SourceDate "2021.10.06"]
[SourceVersion "1"]
[SourceVersionDate "2021.10.06"]
[SourceQuality "1"]

1. Nf3 Nf6 2. b3 e6 3. e3 Bc5 4. Bb2 a6 5. d4 Ba7 6. c4 d6 7. Bd3 Nc6 8. a3 b6 9. O-O Bb7 10. Nbd2 Ne7 11. Qc2 d5 12. Rac1 c5 13. Ne5 Bb8 14. Ndf3 Nc6 15. Rfd1 g6 16. dxc5 Nxe5 17. Nxe5 bxc5 18. cxd5 Qxd5 19. Bb5+ axb5 20. Rxd5 1-0

[Event "Hull CC 29 Ann-B"]
[Site "Gatineau CAN"]
[Date "2008.09.16"]
[Round "2"]
[White "Berthiaume, Patrick"]
[Black "Labelle, Raymond"]
[Result "1-0"]
[WhiteElo "1201"]
[BlackElo "1314"]
[PlyCount "91"]
[GameId "2160767910319870"]
[EventDate "2008.09.09"]
[EventType "swiss"]
[EventRounds "5"]
[EventCountry "CAN"]
[SourceTitle "EXT 2022"]
[Source "ChessBase"]
[SourceDate "2021.10.06"]
[SourceVersion "1"]
[SourceVersionDate "2021.10.06"]
[SourceQuality "1"]

1. d4 Nf6 2. c4 e6 3. Nc3 d5 4. Nf3 c5 5. e3 Nc6 6. Qa4 Bd7 7. Qb3 Na5 8. Qc2 Nxc4 9. Bxc4 dxc4 10. a4 Bc6 11. Qe2 Be7 12. Qxc4 Bxf3 13. gxf3 Rc8 14. Qb5+ Qd7 15. Qxd7+ Nxd7 16. Rg1 O-O 17. d5 exd5 18. Nxd5 Bd6 19. h3 Rc6 20. f4 Nb6 21. Nxb6 Rxb6 22. h4 Be7 23. a5 Rh6 24. Ke2 Rxh4 25. b3 Rc8 26. Bb2 f6 27. Rad1 Rc7 28. Rd5 Kf7 29. Rgd1 Ke6 30. f5+ Kf7 31. Rd7 Rxd7 32. Rxd7 Rb4 33. Ba3 Ke8 34. Rc7 Kd8 35. Rxe7 Kxe7 36. Bxb4 cxb4 37. e4 Kd6 38. Kd3 Kc5 39. f4 h5 40. e5 fxe5 41. fxe5 Kd5 42. e6 Kd6 43. Ke4 Ke7 44. Kf4 Kf6 45. Kg3 Ke7 46. Kh4 1-0

[Event "Hull CC 29 Ann-B"]
[Site "Gatineau CAN"]
[Date "2008.09.16"]
[Round "2"]
[White "Briere, Gilles"]
[Black "Jiang, Qizhe"]
[Result "1-0"]
[WhiteElo "1289"]
[BlackElo "1006"]
[PlyCount "59"]
[GameId "2160767910319871"]
[EventDate "2008.09.09"]
[EventType "swiss"]
[EventRounds "5"]
[EventCountry "CAN"]
[SourceTitle "EXT 2022"]
[Source "ChessBase"]
[SourceDate "2021.10.06"]
[SourceVersion "1"]
[SourceVersionDate "2021.10.06"]
[SourceQuality "1"]

1. e4 e5 2. Nf3 Nc6 3. Bb5 Nge7 4. d3 a6 5. Bxc6 Nxc6 6. Nc3 Be7 7. O-O d6 8. h3 Be6 9. Nh2 Bg5 10. Ne2 Bxc1 11. Qxc1 h6 12. f4 f6 13. f5 Bf7 14. Nf3 Qd7 15. Qd2 O-O-O 16. a4 d5 17. exd5 Bxd5 18. Qe3 Bxf3 19. Rxf3 Nd4 20. Nxd4 Qxd4 21. Qxd4 Rxd4 22. Re3 Rhd8 23. b3 Rf4 24. g4 Rd6 25. Kg2 Rc6 26. Rc1 Rd6 27. Kg3 Rd7 28. Rce1 Rd6 29. Re4 Re6 30. fxe6 1-0

[Event "Hull CC 29 Ann-B"]
[Site "Gatineau CAN"]
[Date "2008.09.16"]
[Round "2"]
[White "Danilov, Alex"]
[Black "Lacourse, Guy"]
[Result "1-0"]
[WhiteElo "1906"]
[BlackElo "1562"]
[PlyCount "63"]
[GameId "2160767910319872"]
[EventDate "2008.09.09"]
[EventType "swiss"]
[EventRounds "5"]
[EventCountry "CAN"]
[SourceTitle "EXT 2022"]
[Source "ChessBase"]
[SourceDate "2021.10.06"]
[SourceVersion "1"]
[SourceVersionDate "2021.10.06"]
[SourceQuality "1"]

1. e4 c5 2. Nf3 d6 3. d4 cxd4 4. c3 Nf6 5. Qxd4 Nc6 6. Qd3 a6 7. Bf4 e5 8. Bg5 Qb6 9. Bc1 Be7 10. Be2 O-O 11. O-O Bd7 12. b3 Rac8 13. Be3 Qc7 14. h3 Nd8 15. c4 Ne6 16. Nc3 Bc6 17. Nd5 Bxd5 18. cxd5 Nc5 19. Bxc5 Qxc5 20. Nh4 Rfd8 21. Nf5 Bf8 22. Ne3 Qb4 23. Nc4 b5 24. Qd2 Qc5 25. b4 Qa7 26. Na5 Re8 27. Nc6 Qb6 28. Qc2 Rc7 29. a4 Rec8 30. axb5 axb5 31. Rfc1 g6 32. Ra5 1-0

[Event "Hull CC 29 Ann-B"]
[Site "Gatineau CAN"]
[Date "2008.09.16"]
[Round "2"]
[White "Duret, Serge"]
[Black "Carriere, Stephen"]
[Result "0-1"]
[WhiteElo "1021"]
[BlackElo "1290"]
[PlyCount "80"]
[GameId "2160767910319873"]
[EventDate "2008.09.09"]
[EventType "swiss"]
[EventRounds "5"]
[EventCountry "CAN"]
[SourceTitle "EXT 2022"]
[Source "ChessBase"]
[SourceDate "2021.10.06"]
[SourceVersion "1"]
[SourceVersionDate "2021.10.06"]
[SourceQuality "1"]

1. e4 g6 2. Nf3 d6 3. Bc4 Bg4 4. h3 Bxf3 5. Qxf3 Nf6 6. Nc3 Bg7 7. e5 dxe5 8. Qxb7 Nbd7 9. Nd5 O-O 10. Nxc7 Rb8 11. Ne6 Rxb7 12. Nxd8 Rxd8 13. O-O Rc7 14. d3 e6 15. Bd2 e4 16. Bc3 exd3 17. cxd3 Nc5 18. Ba5 Rcd7 19. Bxd8 Rxd8 20. Rad1 Nh5 21. b4 Na4 22. Rd2 Bc3 23. Rc2 Bxb4 24. Rb1 a5 25. Rb3 Nc5 26. Rb1 Nxd3 27. Bxd3 Rxd3 28. Rbc1 Nf4 29. Kh2 Bd6 30. g3 Nh5 31. Rc8+ Kg7 32. Ra8 Rd2 33. Kg2 Bxg3 34. Rf1 Rxa2 35. Kf3 Ra3+ 36. Kg4 f5+ 37. Kg5 Bf4+ 38. Kh4 Kh6 39. Rg1 g5+ 40. Rxg5 Bxg5# 0-1

[Event "Hull CC 29 Ann-B"]
[Site "Gatineau CAN"]
[Date "2008.09.16"]
[Round "2"]
[White "Jani, Louis"]
[Black "Levesque, Andre"]
[Result "1-0"]
[WhiteElo "1467"]
[BlackElo "1418"]
[PlyCount "63"]
[GameId "2160767910319874"]
[EventDate "2008.09.09"]
[EventType "swiss"]
[EventRounds "5"]
[EventCountry "CAN"]
[SourceTitle "EXT 2022"]
[Source "ChessBase"]
[SourceDate "2021.10.06"]
[SourceVersion "1"]
[SourceVersionDate "2021.10.06"]
[SourceQuality "1"]

1. e4 c5 2. Nf3 Nc6 3. d4 cxd4 4. Nxd4 g6 5. Nc3 Bg7 6. Be3 Nf6 7. Be2 O-O 8. Qd2 d6 9. f3 e6 10. O-O-O a6 11. Nxc6 bxc6 12. Qxd6 Qxd6 13. Rxd6 Bb7 14. Rhd1 Rab8 15. Na4 Rfe8 16. Nc5 Bf8 17. Nxb7 Rxb7 18. Rxc6 a5 19. Ra6 Reb8 20. Bf4 e5 21. Bxe5 Nxe4 22. Bxb8 Bh6+ 23. f4 Rxb8 24. g3 Bg7 25. c3 Bxc3 26. bxc3 Nxc3 27. Rd2 Rc8 28. Bf3 Nxa2+ 29. Kb2 Nb4 30. Rxa5 Rb8 31. Kc3 Rb6 32. Rb2 1-0

[Event "Hull CC 29 Ann-B"]
[Site "Gatineau CAN"]
[Date "2008.09.16"]
[Round "2"]
[White "Lavergne, Daniel"]
[Black "Arsenault, Yves"]
[Result "1-0"]
[WhiteElo "1606"]
[BlackElo "1458"]
[PlyCount "103"]
[GameId "2160767910319875"]
[EventDate "2008.09.09"]
[EventType "swiss"]
[EventRounds "5"]
[EventCountry "CAN"]
[SourceTitle "EXT 2022"]
[Source "ChessBase"]
[SourceDate "2021.10.06"]
[SourceVersion "1"]
[SourceVersionDate "2021.10.06"]
[SourceQuality "1"]

1. e4 c5 2. Nf3 Nc6 3. d4 cxd4 4. Nxd4 Nf6 5. Nc3 e6 6. Nxc6 bxc6 7. e5 Nd5 8. Ne4 Bb7 9. Nd6+ Bxd6 10. exd6 Qf6 11. Be2 c5 12. O-O Rc8 13. Bf3 Bc6 14. Qe2 Nb4 15. Bxc6 Rxc6 16. Rd1 Qf5 17. c3 Nd5 18. Qb5 Nb6 19. Be3 O-O 20. c4 Nc8 21. a3 Nxd6 22. Rxd6 Rxd6 23. Qxc5 Qd3 24. h3 Rc6 25. Qd4 Qxd4 26. Bxd4 Rxc4 27. Bxa7 Rc7 28. Be3 d5 29. b4 e5 30. Bc5 Re8 31. a4 d4 32. a5 d3 33. a6 d2 34. Kf1 Rd8 35. Ke2 Rcd7 36. Kd1 Ra8 37. a7 f5 38. Ra2 e4 39. Rxd2 Rdxa7 40. Bxa7 Rxa7 41. Rd5 g6 42. b5 Rb7 43. Ke2 Kf7 44. Ke3 Ke6 45. Kd4 g5 46. g4 fxg4 47. hxg4 Rf7 48. Rf5 Re7 49. Re5+ Kd7 50. Rxe7+ Kxe7 51. Kxe4 Kd6 52. Kf5 1-0

[Event "Hull CC 29 Ann-B"]
[Site "Gatineau CAN"]
[Date "2008.09.16"]
[Round "2"]
[White "Lemieux, Richard"]
[Black "Laurin, Jacques"]
[Result "1/2-1/2"]
[WhiteElo "1535"]
[BlackElo "1819"]
[PlyCount "89"]
[GameId "2160767910319876"]
[EventDate "2008.09.09"]
[EventType "swiss"]
[EventRounds "5"]
[EventCountry "CAN"]
[SourceTitle "EXT 2022"]
[Source "ChessBase"]
[SourceDate "2021.10.06"]
[SourceVersion "1"]
[SourceVersionDate "2021.10.06"]
[SourceQuality "1"]

1. e4 d6 2. d4 Nf6 3. Nc3 Bg4 4. Be2 Qc8 5. h3 Bxe2 6. Qxe2 e5 7. Nf3 exd4 8. Nxd4 Nbd7 9. Bg5 c6 10. O-O-O Qc7 11. Rhe1 O-O-O 12. Bf4 Ne5 13. Bh2 g5 14. Nf5 Qa5 15. Bxe5 Qxe5 16. g4 h5 17. f3 hxg4 18. hxg4 Rh3 19. Rh1 Qf4+ 20. Kb1 Rxf3 21. Rhf1 Rxf1 22. Rxf1 Qe5 23. Qe3 b6 24. Qd4 Nxg4 25. Qg1 Nf6 26. Qxg5 Nxe4 27. Nxe4 Qxe4 28. a3 d5 29. Nh6 Be7 30. Qg7 Bf8 31. Qxf7 Bxh6 32. Rf6 Qh1+ 33. Ka2 d4 34. Qe6+ Kc7 35. Rf7+ Kb8 36. Qe7 Qd5+ 37. b3 Qxf7 38. Qxf7 Be3 39. Qe7 Rd5 40. Qe8+ Kb7 41. Qe7+ Kb8 42. Kb2 Bg5 43. Qe8+ Kb7 44. Qf7+ Kb8 45. Qe8+ 1/2-1/2

[Event "Hull CC 29 Ann-B"]
[Site "Gatineau CAN"]
[Date "2008.09.16"]
[Round "2"]
[White "MacIsaac, Alexandre"]
[Black "Sabourin, Yves"]
[Result "1-0"]
[WhiteElo "1356"]
[BlackElo "1268"]
[PlyCount "31"]
[GameId "2160767910319877"]
[EventDate "2008.09.09"]
[EventType "swiss"]
[EventRounds "5"]
[EventCountry "CAN"]
[SourceTitle "EXT 2022"]
[Source "ChessBase"]
[SourceDate "2021.10.06"]
[SourceVersion "1"]
[SourceVersionDate "2021.10.06"]
[SourceQuality "1"]

1. e4 e6 2. d4 d5 3. Nc3 Nf6 4. e5 Nfd7 5. Nf3 c5 6. Be3 cxd4 7. Bxd4 a6 8. Be2 Nc6 9. O-O Nxd4 10. Qxd4 Bc5 11. Qg4 O-O 12. Bd3 Qc7 13. Bxh7+ Kxh7 14. Qh5+ Kg8 15. Ng5 Re8 16. Qxf7+ 1-0

[Event "Hull CC 29 Ann-B"]
[Site "Gatineau CAN"]
[Date "2008.09.16"]
[Round "2"]
[White "Menard, Marc"]
[Black "Gagnon, Fabien"]
[Result "1-0"]
[WhiteElo "1574"]
[BlackElo "1963"]
[PlyCount "60"]
[GameId "2160767910319878"]
[EventDate "2008.09.09"]
[EventType "swiss"]
[EventRounds "5"]
[EventCountry "CAN"]
[SourceTitle "EXT 2022"]
[Source "ChessBase"]
[SourceDate "2021.10.06"]
[SourceVersion "1"]
[SourceVersionDate "2021.10.06"]
[SourceQuality "1"]

1. e4 d5 2. exd5 Nf6 3. Bb5+ Bd7 4. Bxd7+ Qxd7 5. d4 Qxd5 6. Nf3 Nc6 7. Nc3 Qf5 8. O-O O-O-O 9. Ne2 e5 10. Ng3 Qd7 11. Bg5 exd4 12. Bxf6 gxf6 13. Ne4 f5 14. Ng3 f4 15. Ne2 Rg8 16. Kh1 Qg4 17. Rg1 Bc5 18. Qd3 Bd6 19. Nexd4 Ne7 20. Qxh7 Rg7 21. Qe4 Rh8 22. h3 Rgh7 23. Nh2 Qd7 24. Rad1 Rg7 25. Ndf3 f6 26. Nd4 Kb8 27. Ne6 Rgh7 28. Nxf4 Qb5 29. Ng6 Nxg6 30. Qxg6 Qe5 1-0

[Event "Hull CC 29 Ann-B"]
[Site "Gatineau CAN"]
[Date "2008.09.16"]
[Round "2"]
[White "Rainey, Ivan"]
[Black "Sunatori, Evelyne"]
[Result "1-0"]
[WhiteElo "1299"]
[BlackElo "1170"]
[PlyCount "69"]
[GameId "2160767910319879"]
[EventDate "2008.09.09"]
[EventType "swiss"]
[EventRounds "5"]
[EventCountry "CAN"]
[SourceTitle "EXT 2022"]
[Source "ChessBase"]
[SourceDate "2021.10.06"]
[SourceVersion "1"]
[SourceVersionDate "2021.10.06"]
[SourceQuality "1"]

1. e4 e5 2. Nf3 Nc6 3. Bb5 a6 4. Ba4 Nf6 5. O-O b5 6. Bb3 Bc5 7. Re1 O-O 8. c3 Re8 9. d3 d5 10. exd5 Nxd5 11. Ng5 h6 12. Nxf7 Kxf7 13. Qf3+ Ke6 14. d4 Bxd4 15. cxd4 Nxd4 16. Qe4 Nc6 17. Qg6+ Kd7 18. Bxd5 Qf6 19. Bxc6+ Qxc6 20. Rd1+ Qd6 21. Rxd6+ cxd6 22. Qxg7+ Re7 23. Qxh6 Bb7 24. Be3 Rg8 25. g3 Rge8 26. Nc3 d5 27. Bc5 Re6 28. Qh7+ Kc6 29. b4 d4 30. Ne4 Rd8 31. Rc1 Bc8 32. Be7+ Kd7 33. Bf6+ Ke8 34. Qg8+ Kd7 35. Qxd8# 1-0

[Event "Hull CC 29 Ann-B"]
[Site "Gatineau CAN"]
[Date "2008.09.16"]
[Round "2"]
[White "Villeneuve, Luc"]
[Black "Thibault, Mario"]
[Result "0-1"]
[WhiteElo "1467"]
[BlackElo "1633"]
[PlyCount "94"]
[GameId "2160767910319880"]
[EventDate "2008.09.09"]
[EventType "swiss"]
[EventRounds "5"]
[EventCountry "CAN"]
[SourceTitle "EXT 2022"]
[Source "ChessBase"]
[SourceDate "2021.10.06"]
[SourceVersion "1"]
[SourceVersionDate "2021.10.06"]
[SourceQuality "1"]

1. d4 Nf6 2. Nf3 e6 3. c4 Bb4+ 4. Bd2 Qe7 5. a3 Bxd2+ 6. Nbxd2 O-O 7. g3 d6 8. Bg2 e5 9. dxe5 dxe5 10. e4 b6 11. O-O Bb7 12. Re1 Nc6 13. b4 Rfd8 14. Qc2 Rd7 15. b5 Na5 16. Bf1 c6 17. bxc6 Bxc6 18. h3 Rad8 19. Ra2 Nb7 20. Nb3 Nc5 21. Nxc5 Qxc5 22. Kg2 Bb7 23. a4 Ne8 24. Kg1 Nc7 25. Raa1 Ne6 26. Rac1 Nd4 27. Nxd4 Rxd4 28. Rcd1 Qd6 29. Rxd4 Qxd4 30. Bg2 g6 31. Bf1 Kg7 32. Bg2 Bc6 33. Rc1 Kf6 34. Re1 Ke6 35. Rc1 Qd2 36. Qxd2 Rxd2 37. c5 Bxa4 38. cxb6 axb6 39. Rb1 Rd1+ 40. Rxd1 Bxd1 41. Kf1 Kd6 42. Ke1 Ba4 43. Kd2 Kc5 44. Kc3 Bb5 45. f4 f6 46. fxe5 fxe5 47. Bf3 Bc4 0-1

[Event "Hull CC 29 Ann-B"]
[Site "Gatineau CAN"]
[Date "2008.09.16"]
[Round "3"]
[White "Gagnon, Fabien"]
[Black "Jani, Louis"]
[Result "1/2-1/2"]
[WhiteElo "1963"]
[BlackElo "1416"]
[PlyCount "79"]
[GameId "2160767910319881"]
[EventDate "2008.09.09"]
[EventType "swiss"]
[EventRounds "5"]
[EventCountry "CAN"]
[SourceTitle "EXT 2022"]
[Source "ChessBase"]
[SourceDate "2021.10.06"]
[SourceVersion "1"]
[SourceVersionDate "2021.10.06"]
[SourceQuality "1"]

1. d4 d5 2. Nf3 e6 3. g3 Nf6 4. Bg2 Be7 5. O-O O-O 6. c4 b6 7. Ne5 Bb7 8. Nc3 Nbd7 9. cxd5 Nxe5 10. dxe5 Nxd5 11. Ne4 Rb8 12. Qa4 a5 13. Rd1 c6 14. a3 Qc7 15. Nd6 Ba6 16. Qc2 f5 17. Bxd5 exd5 18. Rxd5 Bxe2 19. Rd4 Bf3 20. Qc4+ Kh8 21. Nf7+ Rxf7 22. Qxf7 Qxe5 23. Bf4 Qxd4 24. Bxb8 Qf6 25. Qxf6 Bxf6 26. Re1 Kg8 27. Be5 Bd8 28. Re3 Bd5 29. Kf1 g6 30. Ke2 a4 31. Kd3 b5 32. h3 Bb6 33. Bd4 Be4+ 34. Rxe4 fxe4+ 35. Kxe4 Bc7 36. f4 Kf7 37. g4 Ke6 38. f5+ gxf5+ 39. gxf5+ Kf7 40. Be5 1/2-1/2

[Event "Hull CC 29 Ann-B"]
[Site "Gatineau CAN"]
[Date "2008.09.23"]
[Round "3"]
[White "Arsenault, Yves"]
[Black "Carriere, Stephen"]
[Result "1-0"]
[WhiteElo "1458"]
[BlackElo "1290"]
[PlyCount "61"]
[GameId "2160767910319882"]
[EventDate "2008.09.09"]
[EventType "swiss"]
[EventRounds "5"]
[EventCountry "CAN"]
[SourceTitle "EXT 2022"]
[Source "ChessBase"]
[SourceDate "2021.10.06"]
[SourceVersion "1"]
[SourceVersionDate "2021.10.06"]
[SourceQuality "1"]

1. e4 g6 2. d4 Bg7 3. Nf3 d6 4. Bc4 Bg4 5. Bxf7+ Kxf7 6. Ng5+ Ke8 7. Qxg4 Nf6 8. Qe6 Rf8 9. Nxh7 Rf7 10. Ng5 Rf8 11. Nc3 Qd7 12. O-O Ng4 13. Qxg6+ Kd8 14. Qxg7 Qe8 15. Ne6+ Kd7 16. Nxf8+ Kc6 17. Qxg4 Qxf8 18. d5+ Kb6 19. Be3+ c5 20. dxc6+ Kxc6 21. Qe2 Na6 22. Qb5+ Kc7 23. Nd5+ Kd8 24. Qxb7 Rc8 25. Qxa6 Rxc2 26. Rac1 Rxc1 27. Rxc1 Qxf2+ 28. Bxf2 Ke8 29. Qxa7 Kf8 30. Qxe7+ Kg8 31. Rc8# 1-0

[Event "Hull CC 29 Ann-B"]
[Site "Gatineau CAN"]
[Date "2008.09.23"]
[Round "3"]
[White "Briere, Gilles"]
[Black "MacIsaac, Alexandre"]
[Result "1-0"]
[WhiteElo "1289"]
[BlackElo "1356"]
[PlyCount "51"]
[GameId "2160767910319883"]
[EventDate "2008.09.09"]
[EventType "swiss"]
[EventRounds "5"]
[EventCountry "CAN"]
[SourceTitle "EXT 2022"]
[Source "ChessBase"]
[SourceDate "2021.10.06"]
[SourceVersion "1"]
[SourceVersionDate "2021.10.06"]
[SourceQuality "1"]

1. e4 c5 2. Nf3 d6 3. Bc4 Nc6 4. h3 Nf6 5. Nc3 a6 6. a4 e6 7. b3 d5 8. exd5 exd5 9. Bd3 Nb4 10. O-O Nxd3 11. cxd3 Be7 12. Ba3 O-O 13. Re1 Re8 14. Qc2 b6 15. d4 c4 16. Bxe7 Rxe7 17. Ne5 Qc7 18. bxc4 dxc4 19. Ne2 Be6 20. Qc3 Ne4 21. Qb4 a5 22. Qb2 f6 23. Nf3 Nd6 24. Nc3 Rae8 25. Re3 Bf7 26. Rb1 1-0

[Event "Hull CC 29 Ann-B"]
[Site "Gatineau CAN"]
[Date "2008.09.23"]
[Round "3"]
[White "Guimond, Michel"]
[Black "Lemieux, Richard"]
[Result "0-1"]
[WhiteElo "1866"]
[BlackElo "1535"]
[PlyCount "116"]
[GameId "2160767910319884"]
[EventDate "2008.09.09"]
[EventType "swiss"]
[EventRounds "5"]
[EventCountry "CAN"]
[SourceTitle "EXT 2022"]
[Source "ChessBase"]
[SourceDate "2021.10.06"]
[SourceVersion "1"]
[SourceVersionDate "2021.10.06"]
[SourceQuality "1"]

1. e4 c5 2. Nf3 d6 3. d4 cxd4 4. Nxd4 Nc6 5. Nc3 g6 6. Be3 a6 7. Qd2 Bg7 8. O-O-O Nf6 9. Bh6 O-O 10. Bxg7 Kxg7 11. h4 Qb6 12. Nb3 Ng4 13. Nd5 Qxf2 14. Be2 Qg3 15. Rh3 Qxg2 16. Qc3+ Nge5 17. Bf1 Qxe4 18. Re3 Qxh4 19. Nb6 Bg4 20. Rde1 Rad8 21. Nd4 Qf6 22. Nd5 Qg5 23. Kb1 Nxd4 24. Qxd4 e6 25. Nb6 Kg8 26. Bh3 Bxh3 27. Rxh3 Qe7 28. Reh1 h5 29. Rg1 Kh7 30. Nc4 Qc7 31. Qf4 f5 32. Nxe5 dxe5 33. Qg5 Qf7 34. Rgh1 Rh8 35. Rxh5+ Kg7 36. Rh6 Rd1+ 37. Rxd1 Rxh6 38. b3 Rh8 39. Qg3 f4 40. Qc3 Kf6 41. Re1 Rh5 42. Qc8 g5 43. Rd1 Rh7 44. Rd8 Qe7 45. Re8 Qd7 46. Rf8+ Kg6 47. Rg8+ Kh5 48. Qb8 Qd1+ 49. Kb2 Qd4+ 50. Kb1 Kg4 51. Rh8 Rxh8 52. Qxh8 f3 53. Qh1 Qf2 54. Qh7 Qe1+ 55. Kb2 f2 56. Qf7 f1=Q 57. Qxe6+ Qf5 58. Qc4+ Qee4 0-1

[Event "Hull CC 29 Ann-B"]
[Site "Gatineau CAN"]
[Date "2008.09.23"]
[Round "3"]
[White "Jiang, Qizhe"]
[Black "Sabourin, Yves"]
[Result "0-1"]
[WhiteElo "1006"]
[BlackElo "1268"]
[PlyCount "70"]
[GameId "2160767910319885"]
[EventDate "2008.09.09"]
[EventType "swiss"]
[EventRounds "5"]
[EventCountry "CAN"]
[SourceTitle "EXT 2022"]
[Source "ChessBase"]
[SourceDate "2021.10.06"]
[SourceVersion "1"]
[SourceVersionDate "2021.10.06"]
[SourceQuality "1"]

1. e4 e6 2. d4 d5 3. e5 c5 4. Nf3 Nc6 5. Be3 cxd4 6. Nxd4 Nxe5 7. Bb5+ Bd7 8. Bxd7+ Nxd7 9. Nc3 e5 10. Nf3 d4 11. Nxe5 Nxe5 12. Qxd4 Qxd4 13. Bxd4 Nc6 14. O-O-O O-O-O 15. Be3 Nf6 16. Rxd8+ Kxd8 17. Rd1+ Kc8 18. Nb5 a6 19. Na7+ Nxa7 20. Bxa7 Be7 21. Bb6 Bd8 22. Bd4 Re8 23. Be3 Ng4 24. h3 Nxe3 25. fxe3 Rxe3 26. b3 Bg5 27. Kb2 Bf6+ 28. Kc1 Re2 29. Rg1 Bd4 30. Rd1 Be3+ 31. Kb2 Rxg2 32. Rd3 Re2 33. Rc3+ Kd7 34. Rd3+ Ke7 35. Rc3 Bd4 0-1

[Event "Hull CC 29 Ann-B"]
[Site "Gatineau CAN"]
[Date "2008.09.23"]
[Round "3"]
[White "Labelle, Raymond"]
[Black "Duret, Serge"]
[Result "1-0"]
[WhiteElo "1314"]
[BlackElo "1021"]
[PlyCount "59"]
[GameId "2160767910319886"]
[EventDate "2008.09.09"]
[EventType "swiss"]
[EventRounds "5"]
[EventCountry "CAN"]
[SourceTitle "EXT 2022"]
[Source "ChessBase"]
[SourceDate "2021.10.06"]
[SourceVersion "1"]
[SourceVersionDate "2021.10.06"]
[SourceQuality "1"]

1. e4 c5 2. Nf3 Nc6 3. d4 cxd4 4. Nxd4 d6 5. Nxc6 bxc6 6. Be3 Nf6 7. Nc3 g6 8. Bc4 Bg7 9. h3 O-O 10. O-O c5 11. Qe2 Bb7 12. Bd3 Qc7 13. Bf4 e5 14. Bd2 Rac8 15. Nb5 Qb6 16. Qe1 c4 17. Nxd6 Qxd6 18. Bb4 Qc6 19. Bxf8 cxd3 20. Bxg7 Kxg7 21. cxd3 Qc2 22. Qb4 Ba6 23. Rfd1 Bxd3 24. Rac1 Qe2 25. Rxc8 Qxd1+ 26. Kh2 Nxe4 27. Qf8+ Kf6 28. Rc7 Nxf2 29. Qxf7+ Kg5 30. Qxf2 1-0

[Event "Hull CC 29 Ann-B"]
[Site "Gatineau CAN"]
[Date "2008.09.23"]
[Round "3"]
[White "Lacourse, Guy"]
[Black "Berthiaume, Patrick"]
[Result "1-0"]
[WhiteElo "1562"]
[BlackElo "1201"]
[PlyCount "61"]
[GameId "2160767910319887"]
[EventDate "2008.09.09"]
[EventType "swiss"]
[EventRounds "5"]
[EventCountry "CAN"]
[SourceTitle "EXT 2022"]
[Source "ChessBase"]
[SourceDate "2021.10.06"]
[SourceVersion "1"]
[SourceVersionDate "2021.10.06"]
[SourceQuality "1"]

1. d4 d5 2. Nf3 Nf6 3. c4 Bf5 4. Nc3 e6 5. cxd5 exd5 6. Bg5 h6 7. Bxf6 Qxf6 8. Nxd5 Qd6 9. Nc3 Nc6 10. e4 Bg6 11. Bb5 a6 12. Bxc6+ Qxc6 13. Ne5 Qe6 14. Nxg6 Qxg6 15. Qa4+ c6 16. O-O Bd6 17. e5 Bc7 18. d5 Kd7 19. dxc6+ Qxc6 20. Rad1+ Ke6 21. Qg4+ Ke7 22. Qxg7 Rag8 23. Qf6+ Qxf6 24. exf6+ Kxf6 25. Nd5+ Ke6 26. Nxc7+ Ke7 27. Rfe1+ Kf6 28. Rd6+ Kg7 29. Re7 Rc8 30. g3 Rhf8 31. Rdd7 1-0

[Event "Hull CC 29 Ann-B"]
[Site "Gatineau CAN"]
[Date "2008.09.23"]
[Round "3"]
[White "Laurin, Jacques"]
[Black "Blouin, Francois"]
[Result "1-0"]
[WhiteElo "1819"]
[BlackElo "1604"]
[PlyCount "93"]
[GameId "2160767910319888"]
[EventDate "2008.09.09"]
[EventType "swiss"]
[EventRounds "5"]
[EventCountry "CAN"]
[SourceTitle "EXT 2022"]
[Source "ChessBase"]
[SourceDate "2021.10.06"]
[SourceVersion "1"]
[SourceVersionDate "2021.10.06"]
[SourceQuality "1"]

1. c4 c5 2. Nc3 Nc6 3. g3 g6 4. Bg2 Bg7 5. Nf3 Nf6 6. O-O O-O 7. d4 cxd4 8. Nxd4 a6 9. Nb3 d6 10. Nd5 e6 11. Nxf6+ Bxf6 12. Qc2 Qc7 13. Bh6 Rd8 14. Rfd1 b6 15. Rd2 Bb7 16. Qd1 Rac8 17. f4 Ba8 18. e4 Ne7 19. Rc1 Kh8 20. Qe2 Ng8 21. Bg5 Bxg5 22. fxg5 Ne7 23. Qf2 Nc6 24. Qf6+ Kg8 25. h4 e5 26. Bh3 Rb8 27. Rcd1 Qe7 28. Rxd6 Qxf6 29. gxf6 Rxd6 30. Rxd6 Nb4 31. a3 Nc2 32. c5 bxc5 33. Nxc5 a5 34. Bg2 Ne3 35. b3 Nc2 36. Na6 Rc8 37. a4 h6 38. Bh3 Rf8 39. Nc5 Nb4 40. h5 Kh7 41. hxg6+ Kxg6 42. Bf5+ Kg5 43. Nd7 Re8 44. Nb6 Bc6 45. Nc4 Ra8 46. Nxe5 Be8 47. Nf3+ 1-0

[Event "Hull CC 29 Ann-B"]
[Site "Gatineau CAN"]
[Date "2008.09.23"]
[Round "3"]
[White "Menard, Marc"]
[Black "Danilov, Alex"]
[Result "0-1"]
[WhiteElo "1574"]
[BlackElo "1906"]
[PlyCount "78"]
[GameId "2160767910319889"]
[EventDate "2008.09.09"]
[EventType "swiss"]
[EventRounds "5"]
[EventCountry "CAN"]
[SourceTitle "EXT 2022"]
[Source "ChessBase"]
[SourceDate "2021.10.06"]
[SourceVersion "1"]
[SourceVersionDate "2021.10.06"]
[SourceQuality "1"]

1. e4 e5 2. Nf3 d6 3. Bc4 Be7 4. O-O Nf6 5. Re1 O-O 6. Nc3 Nbd7 7. d4 c6 8. a3 Nb6 9. Ba2 h6 10. b4 exd4 11. Nxd4 Ng4 12. h3 Ne5 13. Nf5 Bxf5 14. exf5 Nec4 15. Ne4 d5 16. Nc5 Bf6 17. Rb1 Re8 18. Kf1 Bc3 19. Rxe8+ Qxe8 20. Bf4 Nxa3 21. Rb3 Nb5 22. Nxb7 Qe4 23. Bh2 Re8 24. f3 Qh4 25. Rb1 Re1+ 26. Qxe1 Bxe1 27. Rxe1 Nd4 28. c3 Nxf5 29. Bb1 g6 30. Nc5 Nc4 31. Re8+ Kg7 32. Bxf5 gxf5 33. Ke2 Qg5 34. Kf1 Qc1+ 35. Kf2 Qxc3 36. Nd7 Qd4+ 37. Kg3 f4+ 38. Kg4 Ne3+ 39. Rxe3 Qxe3 0-1